| 000 | 00782nac a22002171u 4500 | ||
|---|---|---|---|
| 010 | _a96020442 | ||
| 020 | _a0849329094 (alk. paper) | ||
| 082 | 0 | 0 |
_a004 _bCOM |
| 090 |
_c9346 _d9346 |
||
| 100 | _a20080729 | ||
| 245 | 0 | 4 |
_aThe computer science and engineering handbook / _cediter-in-chief, Allen B. Tucker, Jr. |
| 260 |
_aBoca Raton, FL : _bCRC Press,1997. _cc1997. |
||
| 300 |
_axxxix, 2611 p. : _bill. (some col.), _c27 cm. |
||
| 500 | _aDistributer: Al-Ahram | ||
| 504 | _aIncludes bibliographical references and indexes. | ||
| 511 | _aCatalogued by: Sara | ||
| 650 | 0 |
_aComputer science _xHandbooks, manuals, etc. |
|
| 650 | 0 |
_aEngineering _xHandbooks, manuals, etc. |
|
| 700 | 1 | _aTucker, Allen B. | |
| 942 |
_cNB _k004COM |
||
| 999 |
_c9346 _d9346 |
||